000 00557nam a2200241 a 4500
001 nice12345678
003 IN_TiNIC
005 20260116012720.0
008 050524s1985 dela grp 000 0 eng
020 _a
_c25
082 0 0 _a297.7
_bMAW
100 _aMawdoodi, S A
245 _aLet Us Be Muslims
260 _aDelhi
_bMarkazi Maktaba Islami
_c1985
300 _a311p
500 _aincludes index and biblioraphy
505 2 _aIndex
650 _aDawah-Islam
700 1 _aMawdoodi, S A
902 _bSRS
942 _cBK
999 _c8072
_d8072